000 00474nam a2200169 a 4500
001 000036734
005 20200930075914.0
008 120126s1968 sp 000 0 spa d
040 _aDO-SdBNP
_bspa
_cBNPHU
082 _axxxx
_bO51w
100 1 _aOlmo, D. del
_925635
245 1 0 _aWashington. /
_cD. del Olmo.
260 _aBarcelona :
_bEditorial Ramón Sopena,
_c1968.
300 _a[159 P.] ;
_c19 cm.
490 1 _aBiblioteca Sopena
830 0 _aBiblioteca Sopena
_912815
999 _c36225
_d36225